000 00971aam a2200325 i 4500
001 768714001
003 CO-MdFUSB
005 20220625062542.0
007 ta
008 200507t1914 enk |||| |||| 00| 0 eng d
020 _a[No incluye ISBN]
040 _bspa.
_aCO-MdFUSB
_cCO-MdFUSB
_dCO-MdFUSBC
_erda
041 _aeng
082 _223
_a225.92
_bM774
100 1 _aMontefiore, C. G.
_eautor
245 1 _aJudaism and St. Paul :
_btwo essays
_c/ C. G. Montefiore
264 1 _aLondres :
_bMax Goschen,
_c[1914]
264 4 _c© 1914
300 _a240 páginas
_c; 19 cm
336 _atexto
_btxt
_2rdacontent
337 _2rdamedia
_asin mediación
_bn
338 _2rdacarrier
_avolumen
_bnc
505 _aGénesis de la religión de San Pablo - La relación de San Pablo y el judaísmo liberal
563 _aPasta dura
600 7 _aPablo,
_cSanto
_xCultura
650 7 _aJudaísmo
_2
_96881
942 _cBK
945 _aJTF-925
999 _c45424
_d45424